000 00989nam a22002537a 4500
005 20090116164554.0
008 090116t xxu||||| |||| 00| 0 hin d
010 _aHIN-92517
020 _a9788189672355
_c350.00
035 _aHN-64863
037 _bDBAD / PUB
040 _aDPL
_bHN
082 _a425
100 _927526
_aगुप्त, तनसुखराम
245 _aमानकः हिन्दी व्याकरण /
_cतनसुखराम गुप्त
260 _aदिल्ली
_bसूर्य भारती प्रकाशन
_c2010
270 _a2596, नई सड़क
_bदिल्ली
_e110006
300 _a360पृ.
_c22सेमी (सजिल्द)
650 _91169
650 _91170
700 _927533
942 _2ddc
_cHN
_mगुप्तत
_h425
999 _c52034
_d52034